| 000 | 00585nam a2200229 a 4500 | ||
|---|---|---|---|
| 001 | BRL_93 | ||
| 005 | 20190320210603.0 | ||
| 008 | 741015s1966 mx-a######---#000-0#spa-# | ||
| 040 |
_aDLC _cNSyU _dDLC |
||
| 041 | _aspa | ||
| 044 | _amx | ||
| 050 | 4 |
_aPN6222 _b.J56 1966 |
|
| 100 | 1 |
_aJiménez, Armando _922886 |
|
| 245 | 1 | 0 |
_aPicardía mexicana _cA. Jiménez. |
| 250 | _a25 | ||
| 260 |
_aMéxico _bLibro Mex _c1966 |
||
| 300 |
_a268 p. _bil. _c23 cm. _e1 folleto |
||
| 500 | _aEdición conmemorativa | ||
| 650 | 1 | 4 |
_aIngenio y humor mexicano _922887 |
| 902 | _aGRL | ||
| 942 |
_2lcc _cB |
||
| 999 |
_c8906 _d8906 |
||